00580nam a22001937a 450000500170000001000430001702000260006003500140008603500200010003700230012003700130014308200100015610000220016624500650018826000360025327000550028930000210034470000210036520180615113217.0 a1718EN-30ENG-122042 B-688890-895  a9788126902217c450.00 aEN-105574 aB-688890-895  bAtlantic Pub.adpl bDBAD/PUB a155.4 aSharma, Ram Nath  aChild psychology / cby Ram Nath Sharma [and] Rachna Sharma  aNew DelhibAtlantic Pub. c2017 a7/22, Ansari Road, Darya Ganj, bNew Delhie110002v a449p.c21cm(pbk) aSharma, Rachana